Normal view
MARC view
- World War, 1914-1918
Entry Topical Term
001 - CONTROL NUMBER
- control field: 11832
003 - CONTROL NUMBER IDENTIFIER
- control field: NUST
005 - DATE AND TIME OF LATEST TRANSACTION
- control field: 20180719062125.0
008 - FIXED-LENGTH DATA ELEMENTS
- fixed length control field: 180719|| aca||aabn | a|a d
040 ## - CATALOGING SOURCE
- Original cataloging agency: NUST
- Transcribing agency: NUST
150 ## - HEADING--TOPICAL TERM
- Topical term or geographic name entry element: World War, 1914-1918
- General subdivision: Fiction.
670 ## - SOURCE DATA FOUND
- Source citation: Work cat.: (NUST)173137: Buchan, John, 1875-1940. 11829, The thirty-nine steps /, 1991.
